Psychiatric drugs explained / (Record no. 24682)
[ view plain ]
| 000 -LEADER | |
|---|---|
| fixed length control field | 00830cam a22002535a 4500 |
| 001 - CONTROL NUMBER | |
| control field | 19202018 |
| 005 - DATE AND TIME OF LATEST TRANSACTION | |
| control field | 20170420124503.0 |
| 008 - FIXED-LENGTH DATA ELEMENTS--GENERAL INFORMATION | |
| fixed length control field | 160802t2016 stka frb 001 0 eng d |
| 020 ## - INTERNATIONAL STANDARD BOOK NUMBER | |
| International Standard Book Number | 9780702045080 |
| 040 ## - CATALOGING SOURCE | |
| Original cataloging agency | EQF |
| Transcribing agency | EQF |
| Modifying agency | OCLCO |
| -- | NZTHL |
| -- | LTSCA |
| -- | BKL |
| -- | OCLCF |
| -- | OCLCO |
| -- | DLC |
| -- | EG-ScBUE |
| Language of cataloging | eng |
| 082 04 - DEWEY DECIMAL CLASSIFICATION NUMBER | |
| Edition number | 22 |
| Classification number | 615.788 |
| Item number | HEA |
| 100 1# - MAIN ENTRY--PERSONAL NAME | |
| Personal name | Healy, David, |
| Dates associated with a name | 1954- |
| 245 10 - TITLE STATEMENT | |
| Title | Psychiatric drugs explained / |
| Statement of responsibility, etc | David Healy |
| 250 ## - EDITION STATEMENT | |
| Edition statement | 6th ed. |
| 260 ## - PUBLICATION, DISTRIBUTION, ETC. (IMPRINT) | |
| Place of publication, distribution, etc | Edinburgh ; |
| -- | New York : |
| Name of publisher, distributor, etc | Churchill Livingstone Elsevier, |
| Date of publication, distribution, etc | c.2016. |
| 300 ## - PHYSICAL DESCRIPTION | |
| Extent | xiv, 339 p. : |
| Other physical details | ill. ; |
| Dimensions | 24 cm. |
| 504 ## - BIBLIOGRAPHY, ETC. NOTE | |
| Bibliography, etc | Includes bibliographical references and index. |
| 650 #7 - SUBJECT ADDED ENTRY--TOPICAL TERM | |
| Topical term or geographic name as entry element | Psychotropic drugs. |
| Source of heading or term | BUEsh |
| 650 #7 - SUBJECT ADDED ENTRY--TOPICAL TERM | |
| Topical term or geographic name as entry element | Psychopharmacology. |
| Source of heading or term | BUEsh |
| 650 #7 - SUBJECT ADDED ENTRY--TOPICAL TERM | |
| Topical term or geographic name as entry element | Mental illness |
| General subdivision | Chemotherapy. |
| Source of heading or term | BUEsh |
| 651 ## - SUBJECT ADDED ENTRY--GEOGRAPHIC NAME | |
| Source of heading or term | BUEsh |
| 653 ## - INDEX TERM--UNCONTROLLED | |
| Resource For college | Nursing |
| Arrived date list | April2017 |
| 942 ## - ADDED ENTRY ELEMENTS (KOHA) | |
| Source of classification or shelving scheme | Dewey Decimal Classification |
| Withdrawn status | Item status | Source of classification or shelving scheme | Damaged status | Not for loan | Vendor | Home library | Current library | Shelving location | Date acquired | Source of acquisition | Cost, normal purchase price | Serial Enumeration / chronology | Total Checkouts | Total Renewals | Full call number | Barcode | Checked out | Date last seen | Date last borrowed | Cost, replacement price | Koha item type |
|---|---|---|---|---|---|---|---|---|---|---|---|---|---|---|---|---|---|---|---|---|---|
| Dewey Decimal Classification | ايمك | Central Library | Central Library | First floor | 20/04/2017 | Purchase | 740.00 | 3673 | 3 | 5 | 615.788 HEA | 000041675 | 14/05/2025 | 16/03/2025 | 16/03/2025 | 925.00 | Book - Borrowing |